Die teuersten Fußballtransfers - Torwarte - Saison 2011-2012 - Statistiken

Allgemein
  • Dieses Quiz wurde 34 mal gespielt
  • Das Durchschnittsergebnis liegt bei 4 aus 10
Antwortstatistiken
Ablöse (M €) Nationalität Abgebender Verein Aufnehmender Verein Spieler % Korrekt
30,00 Deutschland FC Schalke 04 Bayern München Manuel Neuer
100%
25,00 Spanien Atlético Madrid Manchester United David de Gea
88%
8,95 Belgien KRC Genk FC Chelsea Thibaut Courtois
69%
7,80 Deutschland VfB Stuttgart Bayer Leverkusen Bernd Leno
65%
6,75 Uruguay Lazio Rom Galatasaray Fernando Muslera
50%
7,33 Niderlande Ajax Amsterdam AS Rom Maarten Stekelenburg
23%
9,00 Frankreich AC Florenz Genua CFC Sébastien Frey
15%
8,60 Spanien Benfica Real Saragossa Roberto
8%
7,00 Russland Dinamo Moskau Anzhi Vladimir Gabulov
8%
8,50 Italien Inter Mailand US Palermo Emiliano Viviano
0%
Keine übereinstimmenden Quizze gefunden
Verteilung der Resultate
Anzahl Personen mit jedem Resultat
Perzentil nach korrekt beantworteten Fragen
Ihre Resultats-Entwicklung
Sie haben dieses Quiz noch nicht gespielt